| 000 | 02657nam0a22002891 4500 | ||
|---|---|---|---|
| 001 | rc\843060 | ||
| 005 | 20041129092337.3 | ||
| 035 | _a(NLR Aleph) 006024304 | ||
| 090 |
_a7461109 _c7461109 |
||
| 100 | _a20041129d1984 u |0rusy50 ca | ||
| 101 | 0 | _arus | |
| 102 | _aRU | ||
| 105 | _ay ||||||||| | ||
| 200 | 1 |
_aМетодические указания о подведении итогов выполнения целевой программы реконструкции и технического перевооружения действующих предприятий Свердловской области за 1982 год _fОбл. совет по комплекс. планир. экон. и социал. развития при Свердл. обкоме КПСС _g[Разраб. Р.К. Бондарева и др. _gНауч. рук. целевой программы чл.-кор. АН СССР М.А. Сергеев] |
|
| 210 |
_aСвердловск _cБ. и. _d1984 |
||
| 215 |
_a34 с. _d20 |
||
| 300 | _aЗагл. обл.: Целевая программа реконструкции и технического перевооружения действующих предприятий Свердловской области на 1981-1985 годы. Методические указания о подведении итогов выполнения программы за 1982 г. и уточнение мероприятий и показателей программы на 1983 г. | ||
| 300 | _aВ надзаг. также: Ин-т экономики Урал. науч. центра АН УССР, План. комис. Свердл. облисполкома, Урал. промстройНИИпроект | ||
| 512 | 0 | _aЦелевая программа реконструкции и технического перевооружения действующих предприятий Свердловской области на 1981-1985 годы. Методические указания о подведении итогов выполнения программы за 1982 г. и уточнение мероприятий и показателей программы на 1983 г. | |
| 702 | 1 |
_aБондарева _bР. К. _4570 |
|
| 702 | 1 |
_aСергеев _bМ. А. _gМихаил Александрович _4340 |
|
| 712 | 0 | 2 | _aСвердловский обл. совет по комплексному планированию экономического и социального развития |
| 801 | 0 |
_aRU _bNLR _gpsbo |
|
| 801 | 1 |
_aRU _bELAR _2rusmarc |
|
| 852 |
_aNLR _j85-4/1070 |
||
| 942 | _cBOOK | ||
| 980 | _aNB | ||